Missoula Montana Airport Destinations (Missoula, MT, USA) - Statistics

General Stats
  • This quiz has been taken 56 times
    45 since last reset
  • The average score is 13 of 15
Answer Stats
Airline Destination % Correct
American Airlines/American Eagle Dallas/Fort Worth
100%
Frontier Airlines/United Airlines/United Express Denver
100%
Alaska Airlines Seattle/Tacoma
100%
American Eagle/United Airlines/United Express Chicago (O'Hare)
97%
Allegiant Air/American Eagle/United Express Los Angeles
97%
Delta Air Lines/Sun Country Airlines Minneapolis/St. Paul
97%
Alaska Airlines/United Express San Francisco
97%
Alaska Airlines Portland (OR)
94%
Allegiant Air Las Vegas
91%
Delta Air Lines/Delta Connection Salt Lake City
88%
Alaska Airlines San Diego
81%
Allegiant Air Phoenix/Mesa
78%
Frontier Airlines Phoenix (Sky Harbor)
78%
Allegiant Air Oakland
63%
Allegiant Air Orange County
53%
No matching quizzes found
Score Distribution
Percent of People with Each Score
Percentile by Number Answered
Your Score History
You have not taken this quiz since the last reset